=LDR 00000nam 2200000 4500 =001 INLIS000000000017719 =005 20200826083619 =035 ##$$a 0010-061300000017719 =008 200826################g##########0#ind## =041 ##$$a Ind =082 ##$$a 2x7.2 =090 ##$$a 2x7.2, Zai n =100 ##$$a Zainu, Muhammad Bin Jamil =245 1#$$a Nasehat-nasehat nabawiyyah /$c Syaikh Muhammad Bin Jamil Zainu ; penerjemah, Abdul Hasan =260 ##$$a Yogyakarta :$b Maktbh Al-Hanif,$c 2005 =300 ##$$a 130 hlm. ; $c 18 x 12 cm. =650 #4$$a Islam-Dar'wah =700 #$$a Hasan, Abdul =850 ##$$a NBPNMAT =084 ##$$a 2x7.2 ZAI n =250 ##$$a cet. 1 =990 ##$$a 20605512 =990 ##$$a 20605513 =990 ##$$a 20605514 =990 ##$$a 20605515